Estadísticas para Municipios de Málaga en un Mapa

Haz click aquí para intentar la prueba.

Estadísticas generales

  • Esta prueba ha sido intentada 1.197 veces
  • La puntuación promedio es 39 de 102

Respuestas en el mapa

Las respuestas están codificadas por una escala verde-roja en el mapa de la prueba según el % correcto abajo.
 

Estadísticas de respuestas

ComarcaRespuesta% Correcto
MálagaMálaga
98%
Costa del Sol OccidentalMarbella
95%
Costa del Sol OccidentalTorremolinos
91%
Serranía de RondaRonda
90%
Costa del Sol OccidentalFuengirola
88%
AntequeraAntequera
87%
Costa del Sol OccidentalBenalmádena
86%
Costa del Sol OccidentalMijas
82%
Costa del Sol OccidentalEstepona
81%
AxarquíaVélez-Málaga
81%
AxarquíaNerja
80%
AxarquíaTorrox
69%
Valle del GuadalhorceAlhaurín de la Torre
67%
AxarquíaRincón de la Victoria
66%
Valle del GuadalhorceAlhaurín el Grande
63%
Valle del GuadalhorceCoín
62%
Valle del GuadalhorceCártama
59%
Costa del Sol OccidentalManilva
58%
Valle del GuadalhorceÁlora
53%
AxarquíaFrigiliana
53%
NorormaVillanueva del Trabuco
51%
Valle del GuadalhorcePizarra
48%
AntequeraCasabermeja
46%
Costa del Sol OccidentalBenahavís
44%
GuadaltebaCampillos
44%
Costa del Sol OccidentalCasares
43%
NorormaArchidona
42%
Sierra de las NievesOjén
41%
Sierra de las NievesTolox
40%
AxarquíaAlgarrobo
38%
Valle del GuadalhorceAlmogía
38%
GuadaltebaArdales
38%
Serranía de RondaJúzcar
37%
NorormaVillanueva del Rosario
37%
AntequeraAlameda
36%
AxarquíaColmenar
35%
GuadaltebaTeba
35%
Sierra de las NievesCasarabonela
34%
AxarquíaCómpeta
34%
AntequeraVillanueva de la Concepción
34%
Sierra de las NievesYunquera
34%
AxarquíaAlfarnate
33%
AntequeraMollina
33%
Sierra de las NievesMonda
33%
Serranía de RondaArriate
32%
AxarquíaTotalán
32%
Serranía de RondaCortes de la Frontera
31%
Sierra de las NievesIstán
31%
Sierra de las NievesAlozaina
30%
AxarquíaComares
30%
AntequeraHumilladero
30%
AxarquíaAlfarnatejo
29%
Sierra de las NievesEl Burgo
29%
AntequeraFuente de Piedra
29%
Serranía de RondaGaucín
29%
Sierra de las NievesGuaro
29%
GuadaltebaCarratraca
28%
NorormaCuevas de San Marcos
28%
AxarquíaPeriana
28%
AxarquíaRiogordo
28%
GuadaltebaSierra de Yeguas
28%
GuadaltebaAlmargen
27%
AxarquíaCanillas de Aceituno
27%
Guadalteba
Cuevas del Becerro
27%
NorormaVillanueva de Algaidas
27%
AxarquíaAlcaucín
26%
AxarquíaBenamocarra
26%
Serranía de RondaParauta
26%
Valle del GuadalhorceValle de Abdalajís
26%
Serranía de RondaBenaoján
25%
NorormaCuevas Bajas
24%
Serranía de RondaJubrique
24%
AxarquíaSedella
24%
AxarquíaViñuela
24%
Serranía de RondaAlgatocín
23%
AxarquíaAlmáchar
23%
Serranía de RondaAlpandeire
23%
AxarquíaArenas
23%
AxarquíaBenamargosa
23%
AxarquíaCanillas de Albaida
23%
AxarquíaEl Borge
23%
AxarquíaIznate
23%
AxarquíaMacharaviaya
23%
AxarquíaMoclinejo
23%
NorormaVillanueva de Tapia
23%
GuadaltebaCañete la Real
22%
Serranía de RondaGenalguacil
22%
AxarquíaSalares
22%
AxarquíaSayalonga
22%
AxarquíaCútar
21%
Serranía de RondaIgualeja
21%
AxarquíaÁrchez
20%
Serranía de RondaPujerra
20%
Serranía de RondaAtajate
19%
Serranía de RondaBenalauría
19%
Serranía de RondaBenarrabá
19%
Serranía de RondaCartajima
19%
Serranía de RondaMontejaque
19%
Serranía de RondaFaraján
18%
Serranía de RondaBenadalid
17%
Serranía de RondaJimera de Líbar
17%
Serranía de RondaSerrato
17%

Distribución de puntuación

Porcentaje por número respondido

Porcentaje de gente con cada puntuación

Historial de tus puntuaciones

No has intentado esta prueba.